000 00606nam a2200193 i 4500
001 78713
003 ES-MaACL
005 20250904063052.0
007 t|
008 041015s1910 fr ||||1| fre d
100 1 _aHedin, Sven Anders,
_d1865-1952
_962301
245 1 3 _aLe Tibet devoilé /
_cSven Hedin ; ouvrage traduit et adapté par Charles Rabot.
260 _aParis :
_b[s.n.,
_c1910] (
_eEvreux :
_fCh. Herissey)
300 _a256 p. ;
_c25 cm.
651 7 _aTíbet-
_xDescripción
_2
_9158287
700 1 _aRabot, Charles.
_994871
852 _aES-MaACL
_jF-10639
999 _c78713
_d78713